Hospitals and health-care facilities: a design and development guide (Record no. 96087)

MARC details
000 -LEADER
fixed length control field 00607cam a2200229 4500
008 - FIXED-LENGTH DATA ELEMENTS--GENERAL INFORMATION
fixed length control field 090401t1990 xxu||||| |||| 00| 0 eng d
020 ## - INTERNATIONAL STANDARD BOOK NUMBER
International Standard Book Number 0408031891
035 ## - SYSTEM CONTROL NUMBER
System control number (Sirsi) u75880
041 ## - LANGUAGE CODE
Language code of text/sound track or separate title eng
050 ## - LIBRARY OF CONGRESS CALL NUMBER
Classification number 725.5
100 ## - MAIN ENTRY--PERSONAL NAME
Personal name Cox, Anthony
245 ## - TITLE STATEMENT
Title Hospitals and health-care facilities: a design and development guide
250 ## - EDITION STATEMENT
Edition statement 2nd ed.
260 ## - PUBLICATION, DISTRIBUTION, ETC.
Place of publication, distribution, etc. London
Name of publisher, distributor, etc. Butterworth Architecture
Date of publication, distribution, etc. 1990
300 ## - PHYSICAL DESCRIPTION
Extent vii,165p. ; 30cm.
350 ## - PRICE (NR) (BK AM CF MU VM SE) [OBSOLETE]
Price 45
490 ## - SERIES STATEMENT
Series statement Design and Development Guides
650 ## - SUBJECT ADDED ENTRY--TOPICAL TERM
Topical term or geographic name entry element HEALTH CENTRES
700 ## - ADDED ENTRY--PERSONAL NAME
Personal name Groves, Philip
942 ## - ADDED ENTRY ELEMENTS (KOHA)
Suppress in OPAC 0
948 ## - LOCAL PROCESSING INFORMATION (OCLC); SERIES PART DESIGNATOR (RLIN)
c (OCLC) 04/03/1997
Holdings
Withdrawn status Lost status Source of classification or shelving scheme Damaged status Not for loan Home library Current library Shelving location Date acquired Cost, normal purchase price Total Checkouts Full call number Barcode Date last seen Date last checked out Copy number Cost, replacement price Price effective from Koha item type
    Dewey Decimal Classification     London London Folio 17/08/1992 45.00 5 F725.5 30019898 06/08/2019 16/03/2004 1 45.00 06/08/2019 Book